MARC details
| 000 -CABECERA |
| campo de control de longitud fija |
03354nam a2200577 i 4500 |
| 001 - NÚMERO DE CONTROL |
| campo de control |
000035656 |
| 003 - IDENTIFICADOR DEL NÚMERO DE CONTROL |
| campo de control |
DO-SdBNP |
| 005 - FECHA Y HORA DE LA ÚLTIMA TRANSACCIÓN |
| campo de control |
20240614101229.0 |
| 007 - CAMPO FIJO DE DESCRIPCIÓN FÍSICA--INFORMACIÓN GENERAL |
| campo de control de longitud fija |
ta |
| 008 - DATOS DE LONGITUD FIJA--INFORMACIÓN GENERAL |
| campo de control de longitud fija |
111107s2011 dr 000 0 spa d |
| 020 ## - NÚMERO INTERNACIONAL ESTÁNDAR DEL LIBRO |
| Número Internacional Estándar del Libro |
9789945873276 |
| 040 ## - FUENTE DE LA CATALOGACIÓN |
| Centro catalogador/agencia de origen |
DO-SdBNP |
| Lengua de catalogación |
spa |
| Centro/agencia transcriptor |
BNPHU |
| Normas de descripción |
rda |
| 082 ## - NÚMERO DE LA CLASIFICACIÓN DECIMAL DEWEY |
| Número de edición |
22 |
| Número de documento/Ítem |
B224P |
| 245 00 - MENCIÓN DE TÍTULO |
| Título |
Barahona / Pedernales : |
| Resto del título |
ciclo conferencias / |
| Mención de responsabilidad, etc. |
prólogo José Chez Checo ; textos Yolanda León, Bolívar Troncoso Morales, Wilson Gómez Ramírez, Leticia Tejeda de Matos, Margarita Vicens de Morales y otros ; fotografías: Jesús Rodríguez, Ricardo Briones, Leandro Montes, Ricardo Batista, Luis A. Ramírez y otros |
| 264 ## - PRODUCCIÓN, PUBLICACIÓN, DISTRIBUCIÓN, FABRICACIÓN Y COPYRIGHT |
| Producción, publicación, distribución, fabricación y copyright |
Santo Domingo : |
| Nombre del de productor, editor, distribuidor, fabricante |
CCN, |
| Fecha de producción, publicación, distribución, fabricación o copyright |
2011. |
| 300 ## - DESCRIPCIÓN FÍSICA |
| Extensión |
165 páginas |
| Dimensiones |
23 cm. |
| 336 ## - TIPO DE CONTENIDO |
| Fuente |
rdacontent |
| Término de tipo de contenido |
texto |
| Código de tipo de contenido |
txt |
| 337 ## - TIPO DE MEDIO |
| Fuente |
rdamedia |
| Nombre/término del tipo de medio |
sin mediación |
| Código del tipo de medio |
n |
| 338 ## - TIPO DE SOPORTE |
| Fuente |
rdacarrier |
| Nombre/término del tipo de soporte |
volumen |
| Código del tipo de soporte |
nc |
| 490 1# - MENCIÓN DE SERIE |
| Mención de serie |
Orgullo de mi tierra |
| 505 0# - NOTA DE CONTENIDO CON FORMATO |
| Título |
Prólogo / |
| Mención de responsabilidad |
José Chez Checo. -- |
| Título |
Situación de las tortugas marinas en la Provincia Pedernales / |
| Mención de responsabilidad |
Yolanda León. -- |
| Título |
Geografía física, fauna y flora de Barahona y Pedernales / |
| Mención de responsabilidad |
Bolívar Troncoso Morales. -- |
| Título |
Aporte barahonero a favor de la libertad del pueblo dominicano / |
| Mención de responsabilidad |
Wilson Gómez Ramírez. -- |
| Título |
Arquitectura de Barahona / |
| Mención de responsabilidad |
Leticia Tejeda de Matos. -- |
| Título |
María Montez en la historia del cine mundial / |
| Mención de responsabilidad |
Margarita Vicens de Morales. -- |
| Título |
Instituciones sociales y religiosas destacadas de Barahona / |
| Mención de responsabilidad |
Julio Vargas. -- |
| Título |
La historia de los medios de comunicación social de Barahona / |
| Mención de responsabilidad |
Oscar López Reyes. -- |
| Título |
Casandra Damirón en la música popular dominicana / |
| Mención de responsabilidad |
Rafael Solano. -- |
| Título |
El padre Fuertes en la historia de la iglesia de Barahona / |
| Mención de responsabilidad |
José Luis Sáez Ramo. -- |
| Título |
Nuestro Sur / |
| Mención de responsabilidad |
Jorge Brocca. -- |
| Título |
Aspectos históricos de las Islas Beata y Alto Velo / |
| Mención de responsabilidad |
Bernardo Vega. -- |
| Título |
La economía de Barahona y Pedernales en el siglo XX / |
| Mención de responsabilidad |
Virgilio Gautreaux. |
| 590 ## - NOTA LOCAL (RLIN) |
| Nota local |
Inventariado, 2024/ YL |
| 650 24 - PUNTO DE ACCESO ADICIONAL DE MATERIA--TÉRMINO DE MATERIA |
| Término de materia o nombre geográfico como elemento de entrada |
Patrimonio cultural dominicano |
| 9 (RLIN) |
61571 |
| 650 24 - PUNTO DE ACCESO ADICIONAL DE MATERIA--TÉRMINO DE MATERIA |
| Término de materia o nombre geográfico como elemento de entrada |
Medios de comunicación social |
| Subdivisión geográfica |
Barahona (Provincia{Rpara} |
| 9 (RLIN) |
61572 |
| 650 #4 - PUNTO DE ACCESO ADICIONAL DE MATERIA--TÉRMINO DE MATERIA |
| Término de materia o nombre geográfico como elemento de entrada |
Tortugas marinas |
| Subdivisión geográfica |
Pedernales (República Dominicana) |
| 9 (RLIN) |
61573 |
| 700 1# - PUNTO DE ACCESO ADICIONAL--NOMBRE DE PERSONA |
| Nombre de persona |
Chez Checo, José |
| Término indicativo de función/relación |
prólogo |
| 9 (RLIN) |
80381 |
| 700 1# - PUNTO DE ACCESO ADICIONAL--NOMBRE DE PERSONA |
| Nombre de persona |
León, Yolanda |
| 9 (RLIN) |
61576 |
| Término indicativo de función/relación |
textos |
| 700 1# - PUNTO DE ACCESO ADICIONAL--NOMBRE DE PERSONA |
| Nombre de persona |
Troncoso Morales, Bolívar |
| Término indicativo de función/relación |
textos |
| 9 (RLIN) |
10922 |
| 700 1# - PUNTO DE ACCESO ADICIONAL--NOMBRE DE PERSONA |
| Nombre de persona |
Gómez Ramírez, Wilson |
| Término indicativo de función/relación |
textos |
| 9 (RLIN) |
85667 |
| 700 1# - PUNTO DE ACCESO ADICIONAL--NOMBRE DE PERSONA |
| Nombre de persona |
Tejeda de Matos, Leticia |
| Término indicativo de función/relación |
textos |
| 9 (RLIN) |
85668 |
| 700 1# - PUNTO DE ACCESO ADICIONAL--NOMBRE DE PERSONA |
| Nombre de persona |
Vicens de Morales, Margarita |
| Término indicativo de función/relación |
textos |
| 9 (RLIN) |
46556 |
| 700 1# - PUNTO DE ACCESO ADICIONAL--NOMBRE DE PERSONA |
| Nombre de persona |
Vargas, Julio |
| Término indicativo de función/relación |
textos |
| 9 (RLIN) |
85669 |
| 700 1# - PUNTO DE ACCESO ADICIONAL--NOMBRE DE PERSONA |
| Nombre de persona |
López Reyes, Oscar |
| Término indicativo de función/relación |
textos |
| 700 1# - PUNTO DE ACCESO ADICIONAL--NOMBRE DE PERSONA |
| Nombre de persona |
Solano, Rafael |
| Término indicativo de función/relación |
textos |
| 9 (RLIN) |
13138 |
| 700 1# - PUNTO DE ACCESO ADICIONAL--NOMBRE DE PERSONA |
| Nombre de persona |
Sáez Ramo, José Luis |
| Término indicativo de función/relación |
textos |
| 9 (RLIN) |
85670 |
| 700 1# - PUNTO DE ACCESO ADICIONAL--NOMBRE DE PERSONA |
| Nombre de persona |
Brocca, Jorge |
| Término indicativo de función/relación |
textos |
| 9 (RLIN) |
85671 |
| 700 1# - PUNTO DE ACCESO ADICIONAL--NOMBRE DE PERSONA |
| Nombre de persona |
Vega, Bernardo |
| Término indicativo de función/relación |
textos |
| 9 (RLIN) |
85109 |
| 700 1# - PUNTO DE ACCESO ADICIONAL--NOMBRE DE PERSONA |
| Nombre de persona |
Gautreaux, Virgilio |
| Término indicativo de función/relación |
textos |
| 9 (RLIN) |
85672 |
| 700 1# - PUNTO DE ACCESO ADICIONAL--NOMBRE DE PERSONA |
| Nombre de persona |
Rodríguez, Jesús, |
| Término indicativo de función/relación |
fotografías |
| 9 (RLIN) |
61577 |
| 700 1# - PUNTO DE ACCESO ADICIONAL--NOMBRE DE PERSONA |
| Nombre de persona |
Briones, Ricardo |
| Término indicativo de función/relación |
fotografías |
| 9 (RLIN) |
29826 |
| 700 1# - PUNTO DE ACCESO ADICIONAL--NOMBRE DE PERSONA |
| Nombre de persona |
Montes, Leandro |
| Término indicativo de función/relación |
fotografías |
| 9 (RLIN) |
85673 |
| 700 1# - PUNTO DE ACCESO ADICIONAL--NOMBRE DE PERSONA |
| Nombre de persona |
Batista, Ricardo |
| Término indicativo de función/relación |
fotografías |
| 9 (RLIN) |
85674 |
| 700 1# - PUNTO DE ACCESO ADICIONAL--NOMBRE DE PERSONA |
| Nombre de persona |
Ramírez, Luis A. |
| Término indicativo de función/relación |
fotografías |
| 9 (RLIN) |
85675 |
| 700 1# - PUNTO DE ACCESO ADICIONAL--NOMBRE DE PERSONA |
| Nombre de persona |
Alvarez, Robert |
| Término indicativo de función/relación |
fotografías |
| 9 (RLIN) |
85676 |
| 700 1# - PUNTO DE ACCESO ADICIONAL--NOMBRE DE PERSONA |
| Nombre de persona |
Vilorio, Héctor |
| Término indicativo de función/relación |
fotografías |
| 9 (RLIN) |
85677 |
| 700 1# - PUNTO DE ACCESO ADICIONAL--NOMBRE DE PERSONA |
| Nombre de persona |
Álvarez, José Alejandro |
| Término indicativo de función/relación |
fotografías |
| 9 (RLIN) |
78811 |
| 700 1# - PUNTO DE ACCESO ADICIONAL--NOMBRE DE PERSONA |
| Nombre de persona |
Batista, Domingo |
| Término indicativo de función/relación |
fotografías |
| 9 (RLIN) |
56792 |
| 710 1# - PUNTO DE ACCESO ADICIONAL--NOMBRE DE ENTIDAD CORPORATIVA |
| Nombre de entidad corporativa o nombre de jurisdicción como elemento de entrada |
Centro Cuesta Nacional (CCN) |
| 9 (RLIN) |
85666 |
| 910 ## - DATOS DE OPCIÓN DEL USUARIO (OCLC) |
| Datos de opción del usuario |
YLockward |
| 942 ## - ELEMENTOS DE PUNTO DE ACCESO ADICIONAL (KOHA) |
| Fuente del sistema de clasificación o colocación |
Dewey Decimal Classification |
| Tipo de ítem Koha |
Libro |